TV Show Commonalities III Quiz Stats

 Plays Quiz Updated Sep 12, 2019

Score 0/26 Timer 07:00
0 Plays Today
Series 1 Actor/Actress % Correct
The Mary Tyler Moore ShowBetty White
84.1%
Knight RiderDavid Hasselhoff
80.9%
The Flying NunSally Field
61.3%
All In The FamilyCarroll O'Connor
54.8%
BonanzaMichael Landon
53.6%
The Odd CoupleJack Klugman
49.2%
E/R (1984 comedy)George Clooney
48.3%
My Two DadsPaul Reiser
48.1%
NYPD BlueDavid Caruso
45.6%
The Cosby ShowLisa Bonet
42.8%
Charlie's AngelsKate Jackson
42.1%
Cagney & LaceyTyne Daly
41%
My Favorite MartianBill Bixby
39.7%
Series 1 Actor/Actress % Correct
Silver SpoonsRick Schroder
39.2%
The Mary Tyler Moore ShowTed Knight
38.3%
The JeffersonsSherman Hemsley
30.4%
Hill Street BluesDennis Franz
30.1%
Flamingo RoadMark Harmon
29.7%
Six Feet UnderMichael C Hall
28.9%
Sister, SisterTia Mowry
24.9%
Star TrekLeonard Nimoy
24.9%
RhodaJulie Kavner
22.9%
The Mary Tyler Moore ShowGavin MacLeod
22%
SoapRichard Mulligan
21%
LassieJune Lockhart
17.5%
Dharma & GregThomas Gibson
16.2%

You're not logged in!

Compare scores with friends on all Sporcle quizzes.
OR
Log In

Sporcle TV

Today on Sporcle TV


Watch our educational content, quiz creation guides, and fun videos on Sporcle TV.

Show Comments

Extras

Top Quizzes Today


Score Distribution

Your Account Isn't Verified!

In order to create a playlist on Sporcle, you need to verify the email address you used during registration. Go to your Sporcle Settings to finish the process.

Report this User

Report this user for behavior that violates our Community Guidelines.

Details: